[Event "40th Plunge Open-A 2020"]
[Site "Plunge"]
[Date "2020.07.18"]
[Round "8.10"]
[White "Sibajeva, Marija"]
[Black "Bagdanskis, Dangis"]
[Result "1-0"]
[WhiteElo "2060"]
[BlackElo "1916"]
[Annotator "TA"]
[PlyCount "93"]
[EventDate "2020.07.13"]
[EventType "swiss"]
[EventCountry "LTU"]
[SourceTitle "playchess.com"]
[Source "ChessBase"]
[SourceQuality "1"]

{[%evp 9,93,0,5,-3,0,0,44,33,16,-19,-25,-25,-25,-49,-52,-56,-49,-53,-47,-54,0,0,0,0,0,-12,0,0,16,20,20,16,23,21,33,35,34,37,41,45,47,45,98,91,98,92,119,112,112,112,152,140,141,51,55,68,67,83,70,66,183,181,165,170,384,356,383,239,237,235,380,357,466,462,486,431,2032,1176,1110,1079,12841,12842,12846,12846,29991,29992]} 1. d4 d5 2. Nf3 Nf6 3. Bg5 Bf5 4. Nbd2 Nbd7 5. e3 e6 6. Be2 {D03: 1 d4 d5 2 Nf3 Nf6 3 Bg5, including Torre Attack with early ...d5.} Bd6 7. Nh4 Bg6 8. Nxg6 {White is slightly better.} hxg6 9. f4 c6 10. c3 {[#]} Qb6 $146 ({Predecessor:} 10... Qc7 11. Qc2 O-O-O 12. a4 Rde8 13. Bxf6 gxf6 14. g3 e5 15. Kf2 exf4 16. exf4 g5 {0-1 (35) Batsi,E (1140)-Altinaki,A Thessaloniki 2019}) 11. Bxf6 gxf6 12. Qb3 g5 13. g3 gxf4 (13... f5 {with more complications.} 14. h4 Ke7 15. Qxb6 axb6 16. Kf2 gxf4 17. exf4 Nf6) 14. exf4 e5 (14... f5 $15) 15. Qxb6 axb6 16. fxe5 fxe5 17. dxe5 Nxe5 18. O-O O-O-O 19. Nb3 Rh6 20. Nd4 Rdh8 21. Rf2 Nd7 22. Nf5 Bc5 23. Nxh6 {[#] aiming for Ng4.} Bxf2+ 24. Kxf2 Rxh6 $14 {[%mdl 4096] Endgame KRB-KRN} 25. Kg2 Nc5 (25... Kd8 $14) 26. Rf1 $16 f6 27. Bg4+ Kc7 28. Bf5 b5 29. Re1 Rh8 30. Re2 Ra8 31. b3 (31. a3 $16) 31... Ne4 $1 $14 {[%cal Re4c3]} 32. Bxe4 dxe4 {KR-KR} 33. Rd2 $1 f5 34. Kf2 c5 ({Black should play} 34... Kb6 $14) 35. Ke3 $18 c4 {[#]} 36. Kf4 $1 Rf8 $2 (36... Ra3 {was called for.} 37. Rb2 (37. Kxf5 cxb3 38. axb3 Rxb3 $16) 37... cxb3 38. axb3 Kd6 39. Kxf5 e3) 37. h4 Kc6 38. h5 Rh8 39. Rh2 ({Don't take} 39. Kxf5 $6 Rxh5+ 40. Kxe4 Rh1 $16) 39... Kd5 (39... b4 $142) 40. h6 cxb3 41. axb3 b4 42. cxb4 Kd4 (42... Ke6 $142 43. Rh5 Rh7 44. Rxf5 Rxh6) 43. h7 e3 44. Kxf5 Kd3 45. Kg6 Ra8 46. h8=Q e2 47. Qe5 {Accuracy: White = 81%, Black = 53%.} 1-0

[Event "40th Plunge Open-A 2020"]
[Site "Plunge"]
[Date "2020.07.19"]
[Round "9.1"]
[White "Laurusas, Tomas"]
[Black "Pultinevicius, Paulius"]
[Result "1/2-1/2"]
[WhiteElo "2511"]
[BlackElo "2512"]
[Annotator "TA"]
[PlyCount "43"]
[EventDate "2020.07.13"]
[EventType "swiss"]
[EventCountry "LTU"]
[SourceTitle "playchess.com"]
[Source "ChessBase"]
[SourceQuality "1"]

{[%evp 16,43,26,17,16,15,15,15,20,8,15,15,33,20,20,20,20,20,20,16,10,13,32,41,59,39,45,24,28,7]} 1. c4 Nf6 2. Nf3 g6 3. g3 Bg7 4. Bg2 c6 5. O-O O-O 6. d4 d5 7. b3 Ne4 8. Bb2 Bf5 9. Nc3 {9.e3 gains popularity.} Nxc3 {D78: Fianchetto Grünfeld: 6 0-0 c6.} 10. Bxc3 Be4 11. e3 Nd7 {[%cal Bb8d7,Bd7f6,Bf6e4][%mdl 32] The position is equal.} 12. Re1 Nf6 13. Rc1 {[%cal Ba1c1,Bc1c3,Bc3c7][%mdl 32]} a5 14. Bf1 Bxf3 15. Qxf3 Ne4 16. cxd5 cxd5 17. Bd3 {[#]} Nxc3 $146 ({Predecessor:} 17... f5 18. Re2 Qd7 19. Rec2 Rfc8 20. Be1 Rxc2 21. Rxc2 b6 22. b4 axb4 23. Bxb4 Bf6 {½-½ (39) Bernal Moro,L (2420)-Paredes Galan,A (2305) Spain 1998}) 18. Rxc3 Qd6 19. Rec1 Rfd8 20. Bb5 Qf6 21. Qd1 Bf8 22. Rc7 {Accuracy: White = 100%, Black = 100%.} 1/2-1/2

[Event "40th Plunge Open-A 2020"]
[Site "Plunge"]
[Date "2020.07.19"]
[Round "9.2"]
[White "Juksta, Karolis"]
[Black "Brazdzionis, Andrius"]
[Result "1/2-1/2"]
[WhiteElo "2366"]
[BlackElo "2342"]
[Annotator "TA"]
[PlyCount "67"]
[EventDate "2020.07.13"]
[EventType "swiss"]
[EventCountry "LTU"]
[SourceTitle "playchess.com"]
[Source "ChessBase"]
[SourceQuality "1"]

{[%evp 15,67,4,17,6,19,20,12,17,8,24,25,0,10,8,24,34,31,26,23,0,72,25,53,0,0,-37,-45,-50,0,0,39,0,0,1,5,4,5,6,1,0,6,0,3,5,25,0,15,7,31,-5,6,6,16,11]} 1. d4 Nf6 2. c4 e6 3. Nc3 Bb4 4. f3 d5 5. a3 Bxc3+ 6. bxc3 c5 7. cxd5 Nxd5 8. dxc5 f5 9. c4 {E25: Nimzo-Indian: Sämisch: 5...c5 6 f3 d5 7 cxd5.} Qh4+ 10. g3 Qxc4 11. e4 Qc3+ 12. Bd2 Qe5 13. Bd3 fxe4 14. fxe4 {[#] Black must now prevent Nf3.} O-O {aiming for ...Qd4!} 15. Rc1 $1 {Nf3 is the strong threat.} Qf6 $1 {[%csl Gf8][%cal Rf6f2]} 16. Nh3 $1 {[#]} Qd4 $146 ({Predecessor:} 16... Qe7 17. Qe2 Nf6 18. e5 Nd5 19. Rc4 Nc6 20. Qh5 Rf5 21. Bxf5 exf5 22. O-O Nxe5 {½-½ (38) Bagirov,R (2325)-Landenbergue,C (2420) Biel 1998}) 17. Qe2 Ne7 (17... Nc6 $11 18. Rc4 (18. exd5 Ne5 $11) 18... Qa1+ 19. Rc1 Qd4) 18. Be3 Qd8 19. Nf4 (19. Bc4 $14) 19... e5 $11 20. Bc4+ (20. Nd5 $5 {[%cal Re3g5]}) 20... Kh8 21. Nd3 Nbc6 (21... Bh3 $5 {[%cal Rb8c6]}) 22. Rf1 Rxf1+ 23. Kxf1 Bh3+ 24. Kg1 Qd7 25. Nf2 {[#] Strongly threatening g4.} Be6 $1 26. Rd1 Bxc4 27. Qxc4 (27. Rxd7 $2 {loses.} Bxe2 28. Rxb7 h6 $19) 27... Qe8 28. Qb3 Rb8 29. Rd6 Qg8 30. Qd3 Qf7 31. Rd7 Qe8 32. Bg5 Rd8 33. Rxd8 Nxd8 34. Qd6 {Accuracy: White = 68%, Black = 84%.} 1/2-1/2

[Event "40th Plunge Open-A 2020"]
[Site "Plunge"]
[Date "2020.07.19"]
[Round "9.3"]
[White "Vardanyan, Aras"]
[Black "Sakalauskas, Vaidas"]
[Result "1-0"]
[WhiteElo "2163"]
[BlackElo "2335"]
[Annotator "TA"]
[PlyCount "85"]
[EventDate "2020.07.13"]
[EventType "swiss"]
[EventCountry "LTU"]
[SourceTitle "playchess.com"]
[Source "ChessBase"]
[SourceQuality "1"]

{[%evp 20,85,48,36,45,55,47,-1,77,81,74,67,70,69,89,56,61,35,91,77,89,85,77,65,71,75,76,87,182,179,195,191,162,158,200,235,361,356,312,247,237,196,274,197,532,522,578,391,391,391,391,391,426,393,762,753,698,682,668,670,821,820,1429,1361,1340,1336,1319,1315]} 1. d4 Nf6 2. c4 g6 3. Nc3 Bg7 4. e4 O-O 5. Nf3 d6 6. Be2 Na6 7. O-O e5 8. Be3 Ng4 9. Bg5 Qe8 10. dxe5 h6 11. Bd2 dxe5 {E94: King's Indian: Classical: 6 Be2 e5 7 0-0: Various Black 7th moves.} 12. Qc1 Kh7 13. c5 (13. a3 {seems wilder.} Nf6 14. Rd1 Nc5 15. Qc2 Ne6 16. Nd5) 13... c6 (13... Nxc5 $11 14. Nd5 Qc6) 14. Bxa6 bxa6 15. h3 Nf6 {[#]} 16. Qc2 $146 ({Predecessor:} 16. Be3 Qe7 17. Rd1 Ne8 18. Qc2 f5 19. exf5 gxf5 20. Re1 Rg8 21. Rad1 Bf6 22. g3 {1-0 (42) Yanayt,E (2217)-Atoufi,P (2279) ICC INT 2011}) 16... Rb8 17. Rab1 Qe7 18. b4 a5 (18... Rd8 $14) 19. b5 $16 (19. bxa5 $6 Ba6 $11) 19... Bb7 20. b6 axb6 21. cxb6 c5 22. Be3 {Black is on the road to losing.} Rfc8 23. Nd2 Nd7 (23... Qe6 $16 {was called for.}) 24. Nc4 $18 Ba6 25. Nd5 Qe6 26. Rfd1 Bxc4 27. b7 Bxd5 (27... Bxa2 $142 28. Rb5 (28. Qxa2 Rc7 $16) (28. bxc8=Q Bxb1 29. Q2xc5 Nxc5 $16) 28... Rc6) 28. bxc8=Q Rxc8 29. Rxd5 Bf8 30. Qc3 Qc6 (30... Nb6 $142) 31. Qxa5 Nf6 $2 (31... Ra8 32. Qc3 Nf6) 32. Rd8 Qxe4 33. Rc1 Rxd8 34. Qxd8 {[%mdl 64] [#] Double Attack} Bg7 35. Qe7 Qd5 36. a4 {[%cal Ba2a4,Ba4a5,Ba5a6,Ba6a7][%mdl 32]} c4 $2 (36... Qa2 37. Rxc5 Qxa4 38. Qxf7 Qd7) 37. Qc5 {White is clearly winning.} Qa8 38. a5 Nd5 39. Qa7 Qc6 40. a6 Nxe3 41. Qb7 ({Less strong is} 41. Qxe3 Qxa6 42. Qc5 e4 $16) 41... Qc5 42. a7 Qa3 43. Rb1 {Accuracy: White = 84%, Black = 46%.} 1-0

[Event "40th Plunge Open-A 2020"]
[Site "Plunge"]
[Date "2020.07.19"]
[Round "9.4"]
[White "Narmontas, Raimondas"]
[Black "Indriunas, Matas"]
[Result "0-1"]
[WhiteElo "2004"]
[BlackElo "2199"]
[Annotator "TA"]
[PlyCount "118"]
[EventDate "2020.07.13"]
[EventType "swiss"]
[EventCountry "LTU"]
[SourceTitle "playchess.com"]
[Source "ChessBase"]
[SourceQuality "1"]

{[%evp 9,118,24,66,67,63,64,79,47,45,42,43,27,58,62,52,-7,-7,-7,-11,-24,-33,-33,0,0,0,-3,0,0,0,0,8,0,16,-156,32,0,-6,-1,87,87,118,33,47,29,43,33,34,21,43,26,43,38,41,29,50,55,49,4,16,0,0,-131,-136,-132,0,0,0,-14,0,0,0,0,0,-51,-58,-59,-41,-64,-56,-58,-30,-96,-108,-110,-109,-135,-88,-246,-214,-366,-392,-691,-684,-808,-753,-747,-724,-759,-726,-1158,-729,-1871,-729,-729,-729,-714,-714,-924,-693,-705,-691]} 1. d4 Nf6 2. Bg5 d6 3. Bxf6 gxf6 4. Nc3 e5 5. e3 Bg7 {[#]} 6. Nge2 $146 {A45: Trompowsky Attack.} ({Predecessor:} 6. Qh5 d5 7. O-O-O Be6 8. e4 c6 9. exd5 cxd5 10. dxe5 fxe5 11. Nxd5 Bxd5 12. Bc4 {½-½ (48) Chueca Forcen,A (2288)-Vazquez Torres,A (2149) Almansa 2009}) 6... c6 7. Ng3 Be6 8. Qf3 {White is better.} Nd7 9. O-O-O d5 10. Nf5 Bxf5 11. Qxf5 Qe7 12. e4 ({Better is} 12. Ne2 $14) 12... exd4 $11 13. Rxd4 Qe5 14. Rb4 Qxf5 15. exf5 O-O-O 16. Rh4 Rde8 17. Bd3 Bf8 18. g3 Nc5 19. Kd2 Kc7 20. Re1 Re5 21. Rh5 $2 ({White should play} 21. Re2 $11) 21... Kd6 $2 (21... Nxd3 $17 22. cxd3 d4) 22. Bf1 (22. Nd1 {is more complex.} Kc7 23. Re2 a5 24. Ne3 b5 25. Ng4) 22... d4 23. Nd1 Rxe1 (23... Ne4+ $11 24. Kc1 Nxg3 $1 {[%mdl 576] Double Attack} 25. Rxe5 Nxh5) 24. Kxe1 $16 Nd7 25. f4 (25. Rh4 $16) 25... Bg7 26. Bc4 Ke7 $1 27. Nf2 b5 28. Be2 Nc5 29. Kd2 h6 30. Bf3 Kd6 31. b4 Nd7 32. Ne4+ Kc7 33. Kd3 Nb6 34. Kxd4 Nd5 35. Nc5 (35. c4 $11 {keeps the balance.} Nxb4 36. Kc3 Nxa2+ 37. Kb3 Nc1+ 38. Kc2) 35... Nxb4 $17 {[%mdl 64] Double Attack} 36. Kc3 Nd5+ (36... Nxa2+ $17 37. Kb3 Nb4 $1 {[%mdl 512]}) 37. Bxd5 $1 $11 cxd5 {[%mdl 4096] Endgame KRB-KRN} 38. g4 Kd6 39. Nd3 $1 Rc8+ 40. Kd2 d4 41. Rh3 (41. h4 $11) 41... Kd5 $15 42. Rg3 Ke4 43. h4 Bf8 44. Rg1 Bd6 45. Rf1 (45. Re1+ $1 $11 Kd5 46. g5) 45... Rg8 $17 46. Ke2 a5 47. h5 b4 48. Rf3 $2 {[#] Now White is beyond hope.} (48. Nf2+ $17 {was necessary.} Kxf4 49. Kd3) 48... Kd5 $1 $19 49. Rh3 $2 (49. Nf2) 49... Rxg4 50. Kf3 $2 (50. Rh1) 50... Rg1 {Black is clearly winning.} 51. Nf2 Rc1 52. Ng4 Rxc2 53. Nxf6+ Kc4 54. Ne4 Bf8 55. Rg3 {[#]} b3 (55... Rc3+ $142 $1 {[%mdl 512]} 56. Nxc3 bxc3) 56. axb3+ Kxb3 57. Rg8 Bb4 58. Rh8 Rc6 59. f6 a4 {Accuracy: White = 51%, Black = 71%.} 0-1

[Event "40th Plunge Open-A 2020"]
[Site "Plunge"]
[Date "2020.07.19"]
[Round "9.5"]
[White "Stremavicius, Pijus"]
[Black "Paulauskas, Andrius"]
[Result "1-0"]
[WhiteElo "2163"]
[BlackElo "1904"]
[Annotator "TA"]
[PlyCount "87"]
[EventDate "2020.07.13"]
[EventType "swiss"]
[EventCountry "LTU"]
[SourceTitle "playchess.com"]
[Source "ChessBase"]
[SourceQuality "1"]

{[%evp 9,87,0,0,7,0,7,18,17,39,20,21,15,46,50,62,51,51,51,60,42,44,63,51,42,38,36,47,63,51,-6,64,77,118,114,171,158,295,116,116,113,137,126,243,218,241,187,176,170,152,131,158,137,234,222,326,323,448,441,427,432,501,464,505,516,493,501,442,214,803,788,1107,748,876,849,1629,1052,1010,1044,3241,2819]} 1. Nf3 d5 2. c4 d4 3. e3 Nc6 4. d3 g6 5. exd4 Nxd4 6. Nxd4 {A09: Réti Opening: 1 Nf3 d5 2 c4.} Qxd4 7. Nc3 c6 8. Be3 {The position is equal.} Qd8 9. Qd2 Bg7 10. d4 {[#]} Bf5 $146 ({Predecessor:} 10... Nf6 11. Be2 Ng4 12. O-O-O Nxe3 13. fxe3 O-O 14. h4 b5 15. h5 Qa5 16. hxg6 fxg6 {1-0 (45) Kukhmazov,A (2381)-Muha,M (2344) Koper 2019}) 11. Be2 h5 12. O-O Nf6 13. Rad1 O-O 14. Rfe1 Re8 15. h3 Qa5 16. Bf3 Rad8 17. Bf4 Qb4 18. b3 Nh7 19. Qe3 ({Better is} 19. Be5 $1 $14) 19... e5 ({Black should play} 19... Qa5 $11) 20. dxe5 $14 Rxd1 21. Rxd1 f6 (21... Qa5 $16) 22. Ne4 $18 fxe5 {[#]} (22... Bxe4 $16 {was worth a try.} 23. Bxe4 f5) 23. Bh6 $2 (23. Nd6 $1 $18 {is the precise move to win.}) 23... Bxh6 $16 24. Qxh6 {Strongly threatening g4.} Qf8 25. Qe3 b6 (25... a6 $16 {was called for.} 26. c5 Re7) 26. Nd6 Re6 27. Nxf5 Qxf5 28. Rd8+ Nf8 29. Ra8 e4 30. Be2 Re7 (30... c5 $16 {is a better defense.}) 31. c5 $1 $18 b5 {[#]} (31... Kg7 $142 32. Qd4+ (32. cxb6 axb6 33. Qxb6 Qe5 $18) 32... Kh6 33. Qe3+ (33. cxb6 axb6 34. Qe3+ Kh7 $18) 33... Kh7 34. cxb6 axb6 35. Qxb6 Ne6) 32. a4 $1 a6 33. Rxa6 bxa4 34. bxa4 {[%cal Bb3a4,Ba4a5,Ba5a6][%mdl 32]} Kh7 35. Rxc6 Ne6 36. a5 Qe5 37. a6 Nd4 38. Rd6 (38. Rc8 $142) 38... Nf5 $2 {[#]} (38... Nxe2+ 39. Qxe2 Qxc5) 39. Qg5 $1 {[%mdl 512] White is clearly winning.} Qg7 40. Rd1 e3 41. fxe3 Nxe3 42. Rb1 {And now Qxe7! would win.} Nf5 {[#]} 43. Bxh5 $1 Qd4+ (43... gxh5 44. Qxf5+) 44. Kh1 {Accuracy: White = 72%, Black = 37%.} 1-0

[Event "40th Plunge Open-A 2020"]
[Site "Plunge"]
[Date "2020.07.19"]
[Round "9.6"]
[White "Butvilas, Aistis"]
[Black "Greicius, Pijus"]
[Result "1-0"]
[WhiteElo "2103"]
[BlackElo "1893"]
[Annotator "TA"]
[PlyCount "59"]
[EventDate "2020.07.13"]
[EventType "swiss"]
[EventCountry "LTU"]
[SourceTitle "playchess.com"]
[Source "ChessBase"]
[SourceQuality "1"]

{[%evp 19,59,13,16,-16,0,-30,39,0,114,105,113,96,229,204,185,172,577,559,750,485,516,516,458,214,230,221,211,197,339,333,353,284,620,509,502,504,505,506,502,493,586,556]} 1. d4 b6 2. e4 Bb7 3. Nc3 e6 4. Nf3 Bb4 5. Bd3 Nf6 6. Qe2 d5 7. exd5 Nxd5 8. Bd2 Nd7 9. O-O Nxc3 10. bxc3 Be7 {[#]} 11. Rae1 $146 {B00: Queen's Fianchetto Defence, Nimzowitsch Defence.} ({Predecessor:} 11. Rad1 O-O 12. Rfe1 c5 13. Bf4 Qc8 14. Ng5 Bxg5 15. Bxg5 Re8 16. Qh5 Nf8 17. Re3 f5 18. Rde1 cxd4 19. cxd4 {1-0 (43) Kanep,M (2504)-Sipila,V (2304) Finland 2011}) 11... O-O 12. Ne5 Nf6 (12... Nxe5 $11 13. Qxe5 Rc8) 13. f4 {White is slightly better.} g6 {[#]} (13... c5 $1 $11) 14. f5 $1 $16 {[%cal Rf5g6]} exf5 15. Bh6 Re8 {[#]} (15... Ne4 $16) 16. Nxf7 $1 $18 {[%mdl 512]} Qc8 {[#]} (16... Kxf7 17. Qe6#) 17. Ne5 $1 {Black must now prevent g4!} a5 $2 {[#]} (17... Bf8 {is tougher.} 18. Bc4+ Nd5) 18. g4 $1 {[%mdl 512]} f4 (18... fxg4 19. Rxf6) 19. Rxf4 Nd5 20. Rf7 {White threatens Rg7+ and mate.} Bf8 21. Rxf8+ (21. Qd2 $142 Rxe5 22. Rxf8+ Qxf8 23. Bxf8 Rxe1+ 24. Qxe1 Rxf8 25. Qe6+ Rf7 26. Bc4) 21... Rxf8 22. Bxf8 Qxf8 23. Rf1 Qh6 (23... Qd6 {keeps fighting.} 24. Bc4 Rf8 25. Rxf8+ Qxf8) 24. Be4 Re8 25. Qf3 {Threatening mate with Qf7+.} Nf4 $2 (25... Qe3+ 26. Qxe3 Nxe3) 26. Qxf4 {White is clearly winning.} Qxf4 27. Rxf4 g5 28. Bxb7 gxf4 29. Kf2 c5 30. Kf3 {White took control after the opening. Accuracy: White = 64%, Black = 17%.} 1-0

[Event "40th Plunge Open-A 2020"]
[Site "Plunge"]
[Date "2020.07.19"]
[Round "9.7"]
[White "Povilaitis, Tomas"]
[Black "Salna, Aleksandras"]
[Result "0-1"]
[WhiteElo "1832"]
[BlackElo "2055"]
[Annotator "TA"]
[PlyCount "98"]
[EventDate "2020.07.13"]
[EventType "swiss"]
[EventCountry "LTU"]
[SourceTitle "playchess.com"]
[Source "ChessBase"]
[SourceQuality "1"]

{[%evp 12,98,2,8,18,-15,20,-18,-2,-34,22,12,11,14,34,16,50,47,30,37,51,43,47,47,56,44,158,140,145,112,262,157,161,153,161,145,122,128,105,80,80,83,84,85,160,56,67,59,59,59,68,0,0,0,0,0,0,-106,-89,-93,211,195,180,83,101,93,100,125,345,-2011,-1984,-1747,-1652,-1743,-1729,-1716,-1316,-1672,-959,-1284,0,0,-551,-1483,-1286,-29972,-29972,-29973,-5078]} 1. e4 c5 2. Nf3 Nc6 3. d4 cxd4 4. Nxd4 Nf6 5. Nc3 e5 6. Nde2 Bc5 7. Ng3 d6 {B33: Sicilian: Pelikan and Sveshnikov Variations.} 8. Bc4 {[#]} (8. Na4 {looks sharper.} Bb4+ 9. c3 Ba5 10. Be2 O-O 11. O-O) 8... Be6 $146 (8... Ng4 {keeps more tension.} 9. Rf1 Qh4 10. h3 Nf6 11. Qd3 O-O) ({Predecessor:} 8... Bg4 9. f3 Be6 10. Nd5 O-O 11. Bg5 Bxd5 12. exd5 Na5 13. Bd3 Qb6 14. Bxf6 gxf6 15. Ne4 {0-1 (37) Lee,A (1557)-Mao,Y (1948) Caleta 2020}) 9. Bxe6 (9. Bb3 {is more complex.} O-O 10. O-O a5 11. Be3 b6 12. Nd5) 9... fxe6 {The position is equal.} 10. O-O O-O (10... a6 $15) 11. Na4 $1 $11 Bb4 12. a3 Ba5 13. b4 b5 14. Nc3 Bb6 15. Nxb5 d5 16. Nc3 a5 17. b5 $36 {[%mdl 2048] White has some pressure.} Nd4 18. Be3 Rc8 (18... a4 $14) 19. Na4 $16 {Hoping for c3.} Bc7 20. Rb1 {aiming for c3.} Rb8 (20... Qe8 $16 {was called for.}) 21. Bxd4 ({White should play} 21. b6 $18) 21... exd4 22. Qxd4 Bxg3 23. hxg3 Nxe4 24. c4 Nd6 25. Qe5 Nxc4 26. Qxe6+ Kh8 27. Rfd1 Rf6 (27... Nxa3 $142 28. Rxd5 Qc7) 28. Qe2 (28. Qxd5 $16 Rd6 29. Qh5) 28... Nxa3 $14 29. Rb3 Nc4 30. Rbd3 Rd6 $1 (30... Rxb5 $2 31. Nc3 $18) 31. Nc3 ({Better is} 31. Rd4 $14) 31... d4 $11 32. Ne4 Rd5 33. Rb3 Ne5 34. f4 (34. Rbb1 $11 {keeps the balance.}) 34... d3 $17 35. Qh5 Nc4 $2 {[%mdl 8192]} (35... a4 $1 $17 {[%cal Ra4b3] and life is bright.} 36. Rbb1 Nc4) 36. Ng5 $1 $18 Rxg5 37. Qxg5 (37. fxg5 $18 Ne5 38. Kh1 (38. g6 Qd4+ 39. Kh1 h6 $18)) 37... Qd4+ 38. Kh2 d2 {[#]} 39. Qe7 $1 Qd5 $2 (39... a4 $16 40. Rb4 Qe3) 40. b6 $4 {[%mdl 8192]} (40. Qe2 $18) 40... Qh5+ $19 {[%mdl 64] Double Attack} 41. Qh4 Qxd1 42. Rd3 {[#]} Qe2 $1 43. Rd8+ {[#]} Qe8 $1 {[%cal Re8d8][%mdl 576] Promotion} 44. Rxe8+ Rxe8 {KQ-KRN} 45. Qg4 Rd8 $2 (45... Ne3 $19 46. Qd7 Rg8) 46. b7 $1 $11 Nd6 $2 {[%mdl 8192]} ({Don't blunder} 46... d1=Q $2 47. Qxd1 Rf8 48. Qd4 $18) (46... h6 $11 47. Qc8 {[%mdl 64] Double Attack} d1=Q) 47. Qd1 Nxb7 48. Kg1 {[#]} a4 $1 {[%mdl 512]} 49. Kf2 (49. Qxa4 d1=Q+) 49... a3 {Accuracy: White = 52%, Black = 60%.} (49... Nc5 $142 50. Ke3 a3 51. g4 a2 52. Kf2 {[#]} Nb3 $1 {[%mdl 512]} 53. f5 a1=Q 54. Qxa1 Nxa1 55. Kg3 d1=Q 56. g5 Qe1+ 57. Kg4 Rd4+ 58. Kf3 Qf1+ 59. Kg3 Qf4+ {[%mdl 64] Double Attack} 60. Kh3 Qh4#) 0-1

[Event "40th Plunge Open-A 2020"]
[Site "Plunge"]
[Date "2020.07.19"]
[Round "9.8"]
[White "Koliasnikovas, Aironas"]
[Black "Eigminas, Kipras"]
[Result "0-1"]
[WhiteElo "1879"]
[BlackElo "2116"]
[Annotator "TA"]
[PlyCount "66"]
[EventDate "2020.07.13"]
[EventType "swiss"]
[EventCountry "LTU"]
[SourceTitle "playchess.com"]
[Source "ChessBase"]
[SourceQuality "1"]

{[%evp 16,66,36,30,57,43,38,30,33,10,27,-68,-60,-64,-51,-48,-48,-293,-305,-277,-185,-232,-217,-276,-275,-290,-266,-274,-203,-190,-187,-164,-195,-419,-413,-839,-875,-875,-887,-800,-779,-1050,-1043,-966,-933,-907,-861,-1558,-1615,-1327,-796,-1491,-1487]} 1. d4 Nf6 2. c4 c5 3. d5 g6 4. Nc3 Bg7 5. e4 d6 6. Be2 O-O 7. Bg5 h6 8. Be3 e6 9. Qd2 Kh7 {E74: King's Indian: Averbakh Variation: 6...c5.} 10. h4 exd5 11. cxd5 Re8 {White has an edge.} 12. f3 {[#]} Nh5 $146 ({Predecessor:} 12... Na6 13. g4 Nc7 14. O-O-O b5 15. h5 g5 16. Bd3 Re5 17. Nh3 c4 18. Bc2 b4 19. Ne2 b3 {0-1 (33) Suto,G (2276)-Zambor,N (2333) Fuzesabony 2004}) 13. g4 (13. Bd3 $11) 13... Ng3 $15 14. Rh2 {Hoping for Bd3.} Nxe2 15. Ngxe2 Nd7 {[%cal Bb8d7,Bd7f6,Bf6g4][%mdl 32]} 16. f4 $2 ({White should try} 16. Bf4 $15) 16... Nf6 $19 {[%mdl 64] [#] Double Attack} 17. g5 Ng4 18. Rh1 h5 19. O-O-O {[#]} b5 $1 {[%cal Bb7b5,Bb5b4][%mdl 544] And now ...b4 would win.} 20. Ng3 (20. Nxb5 Rxe4) 20... b4 21. Nce2 Nxe3 22. Qxe3 Bg4 23. f5 Be5 24. Nf4 $2 (24. Rhf1) 24... c4 25. Rdf1 (25. Kb1 $142 Bxd1 26. Rxd1) 25... Qa5 {Black is clearly winning.} 26. fxg6+ fxg6 27. Nxg6 Kxg6 28. Rf6+ Kg7 29. Kb1 b3 30. a3 c3 31. Rhf1 c2+ 32. Kc1 Qb6 {[%cal Rb6e3]} 33. Rf7+ Kg8 {White did not feel at home in the position after the opening. Accuracy: White = 42%, Black = 77%.} 0-1

[Event "40th Plunge Open-A 2020"]
[Site "Plunge"]
[Date "2020.07.19"]
[Round "9.9"]
[White "Sarauskas, Andrius"]
[Black "Sibajeva, Marija"]
[Result "0-1"]
[WhiteElo "1900"]
[BlackElo "2002"]
[Annotator "TA"]
[PlyCount "68"]
[EventDate "2020.07.13"]
[EventType "swiss"]
[EventCountry "LTU"]
[SourceTitle "playchess.com"]
[Source "ChessBase"]
[SourceQuality "1"]

{[%evp 16,68,-3,-9,0,0,2,-27,-19,-14,8,4,26,0,110,115,119,105,108,108,100,100,101,100,135,136,125,-222,-227,-345,-331,-341,-321,-465,-491,-606,-588,-560,-593,-583,-519,-537,-476,-594,-591,-644,-539,-583,-632,-634,-617,-851,-860,-1010,-985]} 1. Nf3 c5 2. c4 Nc6 3. Nc3 g6 4. g3 Bg7 5. Bg2 e5 6. O-O Nge7 7. Ne1 d6 8. Nc2 Be6 9. Ne3 Qd7 {A37: Symmetrical English vs ...g6: 4 Bg2 Bg7 5 Nf3.} 10. Ned5 O-O {[#]} 11. Qb3 $146 ({Predecessor:} 11. d3 Bh3 12. e4 Bxg2 13. Kxg2 f5 14. Bd2 Rf7 15. Nxe7+ Qxe7 16. Nd5 Qd7 17. exf5 Rxf5 18. Be3 Raf8 19. f3 Ne7 20. Nxe7+ Qxe7 {½-½ (45) Wang,Y (2683)-Cheparinov,I (2679) China 2019}) 11... Rab8 {Black has an edge.} 12. Qa4 Nc8 13. d3 a6 14. Rb1 Nb4 (14... b5 $11 15. Qxa6 b4) 15. Qxd7 $16 ({Much worse is} 15. Nxb4 $6 Qxa4 16. Nxa4 cxb4 $11) 15... Bxd7 16. Nxb4 cxb4 17. Nd5 a5 18. Be3 Bc6 19. Rfc1 h6 20. a3 b3 21. Bb6 $2 {[%mdl 8192] White does not recover from this.} (21. a4 $16 {stays on course.}) 21... Bxd5 $1 $19 22. Bc7 {[#]} (22. Bxa5 {is the only way for White.} Bc6 23. Bd5) 22... Bxg2 $1 {[%mdl 512]} 23. Bxb8 (23. Kxg2 Ra8) 23... Bc6 24. e3 (24. c5 $142 d5 25. Re1) 24... b6 {Black is clearly winning.} 25. f4 exf4 26. gxf4 Re8 27. e4 Bd4+ 28. Kf1 Be3 29. Rc3 a4 30. e5 Bd2 31. exd6 Bxc3 32. bxc3 Bd7 33. d4 Re3 34. Rc1 {[#]} Rxc3 $1 {[%mdl 576] Promotion. Accuracy: White = 35%, Black = 89%.} 0-1